| Tag |
First Indicator |
Second Indicator |
Subfields |
| LEADER |
00000cam a2200000 4500 |
| 001 |
in00000041622 |
| 005 |
20151007074642.0 |
| 008 |
800612s1957 gw a b 00000 ger c |
| 010 |
|
|
|a a 58003235
|
| 035 |
|
|
|a (OCoLC)06412117
|
| 035 |
|
|
|9 AAF1874AM
|
| 040 |
|
|
|a Michigan. Univ. Libr.
|c TXA
|d UtOrBLW
|
| 049 |
|
|
|a TXAM
|c [375320]
|
| 090 |
|
|
|a TJ919
|b .V65 1957
|
| 092 |
|
|
|a 621.67
|b V946k, 1957
|
| 100 |
1 |
|
|a Von der Nuell, Werner T.
|
| 245 |
1 |
0 |
|a Kreiselpumpen und -verdichter ;
|b Kreiselradarbeitsmaschinen.
|
| 250 |
|
|
|a 2. Aufl.;
|b neubearb. von Alexander Garve.
|
| 264 |
|
1 |
|a Stuttgart :
|b Teubner,
|c 1957.
|
| 300 |
|
|
|a 131 pages :
|b illustrations, diagrams ;
|c 24 cm.
|
| 336 |
|
|
|a text
|b txt
|2 rdacontent
|
| 337 |
|
|
|a unmediated
|b n
|2 rdamedia
|
| 338 |
|
|
|a volume
|b nc
|2 rdacarrier
|
| 490 |
0 |
|
|a Teubners Fachbucher fur Maschinenbau
|
| 500 |
|
|
|a First edition published in 1937 under title: Die Kreiselrad-Arbeitsmaschinen.
|
| 504 |
|
|
|a Bibliography: pages [127]-129.
|
| 650 |
|
0 |
|a Centrifugal pumps.
|
| 650 |
|
0 |
|a Compressors.
|
| 700 |
1 |
|
|a Garve, Alexander.
|
| 999 |
|
|
|a MARS
|
| 999 |
f |
f |
|s 2ebbae62-baec-3d1d-b030-1bd7c81c6923
|i 3cf75147-cbc1-357e-8b03-87389b218c3d
|t 0
|
| 952 |
f |
f |
|p ric
|a Texas A&M University
|b Rellis Campus
|c Joint Library Facility
|d Remote Storage
|t 0
|e TJ919 .V65 1957
|h Library of Congress classification
|i unmediated -- volume
|m A14801041331
|
| 998 |
f |
f |
|a TJ919 .V65 1957
|t 0
|l Remote Storage
|